Estatísticas para Cachorros artistas!!!!

Clique aqui para jogar o quiz

Estatísticas Gerais

  • Esse quiz foi jogado 53 vezes
  • A pontuação média é 8 de 28

Estatísticas das Respostas

LETRA INICIALAPARECE EMCACHORRO% Correto
BGIBI/DESENHOBIDU
76%
PGIBI/DESENHOPLUTO
70%
FGIBI/DESENHOFLOQUINHO
62%
SDESENHO/FILMESCOOBY-DOO
60%
MFILMEMARLEY
50%
SDESENHO/TIRINHASNOOPY
50%
BFILMEBEETHOVEN
44%
PGIBI/DESENHOPATETA
44%
BFILMEBOLT
40%
LFILME/SERIADOLASSIE
38%
CDESENHOCORAGEM
34%
MGIBI/DESENHOMONICÃO
32%
KFILMEK9
24%
RDESENHORABUGENTO
18%
RFILME/SERIADORIN-TIN-TIN
18%
BFILMEBENJI
16%
MDESENHO/GIBIMILU
16%
MFILMEMILO
14%
TFILMETOTÓ
14%
OTIRINHAS/DESENHOODIE
12%
BDESENHOBIBO PAI E BOBI FILHO
10%
BDESENHOBANDIT
8%
BGIBIBANZÉ
8%
FFILMEFRANK
6%
DDESENHODUMDUM
4%
DDESENHODOM PIXOTE
2%
GDESENHOGOOBER
2%
OGIBIOTTO
2%

Distribuição das Pontuações

Percentil de Números Respondidos

Porcentagem de Pessoas com Cada Pontuação

Sua Pontuação Histórica

Você não jogou esse quiz